Quantifying the Impact of Relevant Factors on Equivalised Disposable Income in Slovak Households Based on EU SILC 2012 Data

The European Union Statistics on Income and Living Conditions (EU SILC) a definícia adekvátneho disponibilného príjmu domácnosti. Viacrozmerná analýza rozptylu, regresná analýza, test rovnosti stredných hodnôt, čiastková korelácia a všeobecné lineárne modely v GLM procedúre v SAS Enterprise Guide ak...

ver descrição completa

Na minha lista:
Detalhes bibliográficos
Autor principal: Šoltés, Erik, 1974-
Outros Autores: Šoltésová, Tatiana, 1975-
Formato: Capítulo de Livro
Idioma:inglês
Assuntos:
Tags: Adicionar Tag
Sem tags, seja o primeiro a adicionar uma tag!

MARC

LEADER 00000nla a2200000 4500
001 0191910
005 20240502083444.0
041 0 |a eng 
044 |a PL 
245 1 0 |a Quantifying the Impact of Relevant Factors on Equivalised Disposable Income in Slovak Households Based on EU SILC 2012 Data  |c Erik Šoltés, Tatiana Šoltésová 
520 |a The European Union Statistics on Income and Living Conditions (EU SILC) a definícia adekvátneho disponibilného príjmu domácnosti. Viacrozmerná analýza rozptylu, regresná analýza, test rovnosti stredných hodnôt, čiastková korelácia a všeobecné lineárne modely v GLM procedúre v SAS Enterprise Guide ako nástroje štatistickej analýzy. Dopad faktorov vybraný na základe stredných hodnôt Backwardovou eliminačnou metódou kvantifikovaný regresnými koeficientami. 
610 2 0 |a kvantifikácia 
610 2 0 |a príjmy domácností 
610 2 0 |a analýza štatistická viacrozmerná 
610 2 0 |a modely regresné 
610 2 0 |a závislosť korelačná 
100 1 |a Šoltés, Erik, 1974- 
700 1 |a Šoltésová, Tatiana, 1975-